The Negro in America
Na minha lista:
| Formato: | Livro |
|---|---|
| Idioma: | Undetermined |
| Publicado em: |
Minnesota
Lerner
1967
|
| Assuntos: | |
| Tags: |
Adicionar Tag
Sem tags, seja o primeiro a adicionar uma tag!
|
| Thư viện lưu trữ: | Trung tâm Học liệu Trường Đại học Cần Thơ |
|---|
| LEADER | 00398nam a2200157Ia 4500 | ||
|---|---|---|---|
| 001 | CTU_26901 | ||
| 008 | 210402s9999 xx 000 0 und d | ||
| 082 | |a 973.002 | ||
| 082 | |b I.35n | ||
| 245 | 4 | |a The Negro in America | |
| 260 | |a Minnesota | ||
| 260 | |b Lerner | ||
| 260 | |c 1967 | ||
| 650 | |a negro americans | ||
| 904 | |i Minh, 981021 | ||
| 980 | |a Trung tâm Học liệu Trường Đại học Cần Thơ | ||